[Event "2022 Welsh Championship"]
[Site "Cardiff"]
[Date "2022.04.16"]
[Round "4"]
[Board "4"]
[White "Rathbone-Jones, Ifan"]
[Black "Zeidler, Sven P."]
[Result "0-1"]
[WhiteElo "1915"]
[BlackElo "2157"]
[PlyCount "0"]
[EventDate "2022.04.15"]
[EventRounds "7"]
[EventCountry "WLS"]

1. d4 {[%clk 01:30:57]} {[%emt 00:00:02]} f5 {[%clk 01:30:56]} {[%emt
00:00:05]} 2. g3 {[%clk 01:31:23]} {[%emt 00:00:04]} Nf6 {[%clk 01:31:20]}
{[%emt 00:00:06]} 3. Bg2 {[%clk 01:31:49]} {[%emt 00:00:04]} g6 {[%clk
01:31:44]} {[%emt 00:00:06]} 4. h4 {[%clk 01:32:16]} {[%emt 00:00:03]} d6
{[%clk 01:30:02]} {[%emt 00:02:11]} 5. Nc3 {[%clk 01:32:41]} {[%emt 00:00:05]}
Nc6 {[%clk 01:18:30]} {[%emt 00:12:02]} 6. Bg5 {[%clk 01:32:49]} {[%emt
00:00:22]} Bg7 {[%clk 01:17:40]} {[%emt 00:01:20]} 7. Nf3 {[%clk 01:26:23]}
{[%emt 00:06:57]} Ne4 {[%clk 01:12:02]} {[%emt 00:06:07]} 8. Nxe4 {[%clk
01:14:26]} {[%emt 00:12:27]} fxe4 {[%clk 01:12:24]} {[%emt 00:00:08]} 9. Nd2
{[%clk 01:14:54]} {[%emt 00:00:02]} Nxd4 {[%clk 01:09:11]} {[%emt 00:03:43]} 10.
c3 {[%clk 01:12:25]} {[%emt 00:03:00]} Ne6 {[%clk 01:07:35]} {[%emt 00:02:05]}
11. Bxe4 {[%clk 01:10:06]} {[%emt 00:02:49]} d5 {[%clk 01:03:16]} {[%emt
00:04:49]} 12. Bg2 {[%clk 01:06:07]} {[%emt 00:04:29]} Nxg5 {[%clk 00:47:21]}
{[%emt 00:16:25]} 13. hxg5 {[%clk 01:06:22]} {[%emt 00:00:16]} c6 {[%clk
00:47:27]} {[%emt 00:00:23]} 14. Qc2 {[%clk 01:02:37]} {[%emt 00:04:15]} O-O
{[%clk 00:43:07]} {[%emt 00:04:49]} 15. f4 {[%clk 00:46:29]} {[%emt 00:16:39]}
e5 {[%clk 00:40:59]} {[%emt 00:02:38]} 16. Rh4 {[%clk 00:45:16]} {[%emt
00:01:43]} Qb6 {[%clk 00:38:58]} {[%emt 00:02:31]} 17. O-O-O {[%clk 00:41:19]}
{[%emt 00:04:28]} Qf2 {[%clk 00:36:57]} {[%emt 00:02:30]} 18. Bf3 {[%clk
00:37:55]} {[%emt 00:03:55]} exf4 {[%clk 00:32:09]} {[%emt 00:05:18]} 19. Qb3
{[%clk 00:21:37]} {[%emt 00:16:48]} fxg3 {[%clk 00:21:06]} {[%emt 00:11:34]} 20.
Rdh1 {[%clk 00:20:40]} {[%emt 00:01:27]} g2 {[%clk 00:19:26]} {[%emt 00:02:08]}
21. Bxg2 {[%clk 00:21:04]} {[%emt 00:00:06]} Qxg2 {[%clk 00:19:31]} {[%emt
00:00:25]} 22. Rxh7 {[%clk 00:21:29]} {[%emt 00:00:05]} Qxg5 {[%clk 00:19:00]}
{[%emt 00:01:02]} 23. Qb4 {[%clk 00:21:35]} {[%emt 00:00:24]} Rf7 {[%clk
00:17:13]} {[%emt 00:02:16]} 24. Qd6 {[%clk 00:19:22]} {[%emt 00:02:44]} Bxc3
{[%clk 00:14:55]} {[%emt 00:02:48]} 25. bxc3 {[%clk 00:11:42]} {[%emt
00:08:09]} Rxh7 {[%clk 00:15:02]} {[%emt 00:00:22]} 26. Rxh7 {[%clk 00:12:11]}
{[%emt 00:00:02]} Kxh7 {[%clk 00:14:27]} {[%emt 00:01:05]} 27. Qf8 {[%clk
00:12:40]} {[%emt 00:00:02]} Qf5 {[%clk 00:10:04]} {[%emt 00:04:53]} 28. Qe7+
{[%clk 00:12:55]} {[%emt 00:00:15]} Kg8 {[%clk 00:09:54]} {[%emt 00:00:39]} 29.
Qe8+ {[%clk 00:12:57]} {[%emt 00:00:29]} Kg7 {[%clk 00:09:51]} {[%emt
00:00:32]} 30. Nf3 {[%clk 00:12:29]} {[%emt 00:00:58]} Qe6 {[%clk 00:08:52]}
{[%emt 00:01:28]} 31. Qd8 {[%clk 00:12:10]} {[%emt 00:00:49]} Qxe2 {[%clk
00:08:01]} {[%emt 00:01:21]} 32. Qc7+ {[%clk 00:10:39]} {[%emt 00:02:01]} Kf6
{[%clk 00:07:30]} {[%emt 00:01:00]} 33. Qd8+ {[%clk 00:10:57]} {[%emt
00:00:13]} Qe7 {[%clk 00:07:21]} {[%emt 00:00:40]} 34. Qh8+ {[%clk 00:11:20]}
{[%emt 00:00:07]} Ke6 {[%clk 00:06:37]} {[%emt 00:01:14]} 35. Qh3+ {[%clk
00:09:56]} {[%emt 00:01:54]} Kd6 {[%clk 00:06:28]} {[%emt 00:00:38]} 36. Qg3+
{[%clk 00:09:53]} {[%emt 00:00:34]} Kc5 {[%clk 00:06:03]} {[%emt 00:00:55]} 37.
Qf2+ {[%clk 00:09:54]} {[%emt 00:00:29]} Kb5 {[%clk 00:05:58]} {[%emt
00:00:34]} 38. c4+ {[%clk 00:02:24]} {[%emt 00:08:00]} Ka6 {[%clk 00:04:13]}
{[%emt 00:02:15]} 39. c5 {[%clk 00:01:10]} {[%emt 00:01:44]} b6 {[%clk
00:03:52]} {[%emt 00:00:51]} 40. Nd4 {[%clk 00:00:46]} {[%emt 00:00:54]} Qxc5+
{[%clk 00:03:40]} {[%emt 00:00:42]} 41. Kb2 {[%clk 00:29:55]} {[%emt 00:01:21]}
Bf5 {[%clk 00:32:43]} {[%emt 00:01:27]} 42. Qe2+ {[%clk 00:30:24]} {[%emt
00:00:02]} Qc4 {[%clk 00:32:07]} {[%emt 00:01:05]} 43. Qe3 {[%clk 00:30:03]}
{[%emt 00:00:51]} Re8 {[%clk 00:30:20]} {[%emt 00:02:17]}  0-1

[Event "2022 Welsh Championship"]
[Site "Cardiff"]
[Date "2022.04.16"]
[Round "4"]
[Board "5"]
[White "Brown, Thomas"]
[Black "Thomas, James"]
[Result "1/2-1/2"]
[WhiteElo "2173"]
[BlackElo "1941"]
[PlyCount "0"]
[EventDate "2022.04.15"]
[EventRounds "7"]
[EventCountry "WLS"]

1. d4 {[%clk 01:30:57]} {[%emt 00:00:02]} Nf6 {[%clk 01:30:50]} {[%emt
00:00:11]} 2. Nf3 {[%clk 01:31:18]} {[%emt 00:00:10]} c5 {[%clk 01:30:51]}
{[%emt 00:00:28]} 3. d5 {[%clk 01:31:40]} {[%emt 00:00:08]} e6 {[%clk
01:30:19]} {[%emt 00:01:02]} 4. Nc3 {[%clk 01:31:32]} {[%emt 00:00:38]} exd5
{[%clk 01:18:42]} {[%emt 00:12:07]} 5. Nxd5 {[%clk 01:31:54]} {[%emt 00:00:08]}
Nxd5 {[%clk 01:17:37]} {[%emt 00:01:34]} 6. Qxd5 {[%clk 01:32:17]} {[%emt
00:00:07]} Nc6 {[%clk 01:15:40]} {[%emt 00:02:28]} 7. Bf4 {[%clk 01:21:40]}
{[%emt 00:11:07]} Qf6 {[%clk 01:07:53]} {[%emt 00:08:17]} 8. Qe4+ {[%clk
01:01:55]} {[%emt 00:20:15]} Qe6 {[%clk 00:59:03]} {[%emt 00:09:20]} 9. Ng5
{[%clk 00:59:12]} {[%emt 00:03:13]} Qxe4 {[%clk 00:54:05]} {[%emt 00:05:28]} 10.
Nxe4 {[%clk 00:59:32]} {[%emt 00:00:10]} d5 {[%clk 00:51:46]} {[%emt 00:02:49]}
11. Nd6+ {[%clk 00:53:26]} {[%emt 00:06:37]} Bxd6 {[%clk 00:51:07]} {[%emt
00:01:09]} 12. Bxd6 {[%clk 00:53:52]} {[%emt 00:00:04]} Nb4 {[%clk 00:42:32]}
{[%emt 00:09:05]} 13. O-O-O {[%clk 00:51:58]} {[%emt 00:02:24]} Bf5 {[%clk
00:36:51]} {[%emt 00:06:11]} 14. a3 {[%clk 00:42:17]} {[%emt 00:10:11]} Nxc2
{[%clk 00:27:44]} {[%emt 00:09:36]} 15. e4 {[%clk 00:30:56]} {[%emt 00:11:52]}
Bxe4 {[%clk 00:25:54]} {[%emt 00:02:21]} 16. Bb5+ {[%clk 00:30:00]} {[%emt
00:01:26]} Kd8 {[%clk 00:26:15]} {[%emt 00:00:08]} 17. f3 {[%clk 00:28:12]}
{[%emt 00:02:19]} Nd4 {[%clk 00:22:57]} {[%emt 00:03:48]} 18. Rxd4 {[%clk
00:27:17]} {[%emt 00:01:24]} cxd4 {[%clk 00:23:18]} {[%emt 00:00:09]} 19. fxe4
{[%clk 00:27:34]} {[%emt 00:00:14]} Rc8+ {[%clk 00:21:04]} {[%emt 00:02:44]} 20.
Kb1 {[%clk 00:24:56]} {[%emt 00:03:08]} dxe4 {[%clk 00:19:35]} {[%emt
00:01:59]} 21. Be5 {[%clk 00:22:03]} {[%emt 00:03:23]} Rc5 {[%clk 00:18:23]}
{[%emt 00:01:42]} 22. Bxg7 {[%clk 00:21:40]} {[%emt 00:00:53]} Rg8 {[%clk
00:18:21]} {[%emt 00:00:32]} 23. Bf6+ {[%clk 00:19:39]} {[%emt 00:02:32]} Kc7
{[%clk 00:16:45]} {[%emt 00:02:05]} 24. Ba4 {[%clk 00:15:40]} {[%emt 00:04:29]}
d3 {[%clk 00:14:21]} {[%emt 00:02:55]} 25. Bd4 {[%clk 00:14:41]} {[%emt
00:01:28]} Ra5 {[%clk 00:12:20]} {[%emt 00:02:31]} 26. Bb3 {[%clk 00:13:18]}
{[%emt 00:01:53]} Rxg2 {[%clk 00:11:14]} {[%emt 00:01:37]} 27. Bxf7 {[%clk
00:12:50]} {[%emt 00:00:58]} Kd6 {[%clk 00:07:52]} {[%emt 00:03:52]} 28. h4
{[%clk 00:10:29]} {[%emt 00:02:51]} Rf5 {[%clk 00:07:23]} {[%emt 00:01:00]}
 1/2-1/2

[Event "2022 Welsh Championship"]
[Site "Cardiff"]
[Date "2022.04.16"]
[Round "4"]
[Board "6"]
[White "Kett, Tim"]
[Black "Fathallah, Joe"]
[Result "1/2-1/2"]
[WhiteElo "2168"]
[BlackElo "1869"]
[PlyCount "0"]
[EventDate "2022.04.15"]
[EventRounds "7"]
[EventCountry "WLS"]

1. e4 {[%clk 01:30:57]} {[%emt 00:00:02]} e6 {[%clk 01:30:54]} {[%emt
00:00:07]} 2. d4 {[%clk 01:31:15]} {[%emt 00:00:11]} d5 {[%clk 01:31:19]}
{[%emt 00:00:06]} 3. e5 {[%clk 01:31:39]} {[%emt 00:00:05]} c5 {[%clk
01:31:40]} {[%emt 00:00:10]} 4. c3 {[%clk 01:32:01]} {[%emt 00:00:07]} Nc6
{[%clk 01:32:03]} {[%emt 00:00:07]} 5. Nf3 {[%clk 01:32:24]} {[%emt 00:00:06]}
Qb6 {[%clk 01:31:58]} {[%emt 00:00:36]} 6. Bd3 {[%clk 01:32:42]} {[%emt
00:00:12]} cxd4 {[%clk 01:32:09]} {[%emt 00:00:20]} 7. O-O {[%clk 01:32:58]}
{[%emt 00:00:13]} dxc3 {[%clk 01:27:09]} {[%emt 00:05:31]} 8. Nxc3 {[%clk
01:32:24]} {[%emt 00:01:02]} f6 {[%clk 01:26:29]} {[%emt 00:01:12]} 9. Re1
{[%clk 01:28:22]} {[%emt 00:04:32]} fxe5 {[%clk 01:23:43]} {[%emt 00:03:16]} 10.
Nxe5 {[%clk 01:25:54]} {[%emt 00:02:59]} Nf6 {[%clk 01:17:17]} {[%emt
00:06:56]} 11. Bg5 {[%clk 01:09:44]} {[%emt 00:16:38]} Nxe5 {[%clk 01:07:46]}
{[%emt 00:10:02]} 12. Rxe5 {[%clk 01:08:35]} {[%emt 00:01:39]} Qxb2 {[%clk
01:02:46]} {[%emt 00:05:31]} 13. Bxf6 {[%clk 00:32:23]} {[%emt 00:36:41]} gxf6
{[%clk 01:02:19]} {[%emt 00:00:57]} 14. Re3 {[%clk 00:31:12]} {[%emt 00:01:40]}
d4 {[%clk 00:31:17]} {[%emt 00:31:34]} 15. Bb5+ {[%clk 00:25:05]} {[%emt
00:06:37]} Ke7 {[%clk 00:30:30]} {[%emt 00:01:18]} 16. Nd5+ {[%clk 00:23:08]}
{[%emt 00:02:27]} Kd6 {[%clk 00:29:04]} {[%emt 00:01:56]} 17. Rb3 {[%clk
00:23:26]} {[%emt 00:00:11]} Qxa1 {[%clk 00:28:44]} {[%emt 00:00:50]} 18. Qxa1
{[%clk 00:23:51]} {[%emt 00:00:05]} Kxd5 {[%clk 00:29:02]} {[%emt 00:00:12]} 19.
Qd1 {[%clk 00:16:19]} {[%emt 00:08:01]} Be7 {[%clk 00:27:05]} {[%emt 00:02:28]}
20. Qf3+ {[%clk 00:16:18]} {[%emt 00:00:30]} Kd6 {[%clk 00:26:37]} {[%emt
00:00:59]} 21. Qe4 {[%clk 00:11:32]} {[%emt 00:05:15]} e5 {[%clk 00:25:01]}
{[%emt 00:02:07]} 22. Bc4 {[%clk 00:11:29]} {[%emt 00:00:33]} Be6 {[%clk
00:24:46]} {[%emt 00:00:45]} 23. Bxe6 {[%clk 00:10:48]} {[%emt 00:01:11]} Kxe6
{[%clk 00:25:10]} {[%emt 00:00:05]} 24. f4 {[%clk 00:07:05]} {[%emt 00:04:13]}
b6 {[%clk 00:22:52]} {[%emt 00:02:49]} 25. f5+ {[%clk 00:03:52]} {[%emt
00:03:43]} Kd6 {[%clk 00:22:05]} {[%emt 00:01:17]} 26. Rb5 {[%clk 00:03:04]}
{[%emt 00:01:17]} Kc7 {[%clk 00:20:13]} {[%emt 00:02:23]} 27. Qc2+ {[%clk
00:02:01]} {[%emt 00:01:32]} Bc5 {[%clk 00:14:47]} {[%emt 00:05:56]} 28. Rxc5+
{[%clk 00:02:13]} {[%emt 00:00:18]} bxc5 {[%clk 00:15:13]} {[%emt 00:00:04]} 29.
Qxc5+ {[%clk 00:02:38]} {[%emt 00:00:05]} Kb7 {[%clk 00:15:17]} {[%emt
00:00:26]} 30. Qb5+ {[%clk 00:01:23]} {[%emt 00:01:46]} Kc7 {[%clk 00:15:39]}
{[%emt 00:00:08]} 31. Qc5+ {[%clk 00:01:50]} {[%emt 00:00:03]} Kb7 {[%clk
00:16:02]} {[%emt 00:00:07]} 32. Qb5+ {[%clk 00:01:51]} {[%emt 00:00:29]} Kc7
{[%clk 00:16:26]} {[%emt 00:00:06]}  1/2-1/2

[Event "2022 Welsh Championship"]
[Site "Cardiff"]
[Date "2022.04.16"]
[Round "4"]
[Board "7"]
[White "Evans, Nicholas Thomas"]
[Black "Lavender, James"]
[Result "0-1"]
[WhiteElo "1882"]
[BlackElo "2039"]
[PlyCount "0"]
[EventDate "2022.04.15"]
[EventRounds "7"]
[EventCountry "WLS"]

1. d4 {[%clk 01:30:52]} {[%emt 00:00:07]} d5 {[%clk 01:30:54]} {[%emt
00:00:07]} 2. Nf3 {[%clk 01:31:04]} {[%emt 00:00:18]} Nf6 {[%clk 01:31:17]}
{[%emt 00:00:07]} 3. c4 {[%clk 01:31:27]} {[%emt 00:00:07]} e6 {[%clk
01:31:41]} {[%emt 00:00:06]} 4. Nc3 {[%clk 01:31:04]} {[%emt 00:00:53]} Be7
{[%clk 01:31:56]} {[%emt 00:00:15]} 5. Bf4 {[%clk 01:31:12]} {[%emt 00:00:22]}
O-O {[%clk 01:31:25]} {[%emt 00:01:01]} 6. e3 {[%clk 01:31:27]} {[%emt
00:00:16]} b6 {[%clk 01:31:49]} {[%emt 00:00:06]} 7. h3 {[%clk 01:24:46]}
{[%emt 00:07:10]} Bb7 {[%clk 01:30:29]} {[%emt 00:01:51]} 8. Be2 {[%clk
01:18:59]} {[%emt 00:06:17]} c5 {[%clk 01:20:19]} {[%emt 00:10:39]} 9. O-O
{[%clk 01:16:24]} {[%emt 00:03:04]} cxd4 {[%clk 01:09:12]} {[%emt 00:11:38]} 10.
exd4 {[%clk 01:10:26]} {[%emt 00:06:28]} dxc4 {[%clk 01:08:05]} {[%emt
00:01:37]} 11. Bxc4 {[%clk 01:10:46]} {[%emt 00:00:10]} Nc6 {[%clk 01:08:14]}
{[%emt 00:00:21]} 12. Rc1 {[%clk 00:58:26]} {[%emt 00:12:51]} Rc8 {[%clk
01:06:59]} {[%emt 00:01:44]} 13. Be2 {[%clk 00:44:53]} {[%emt 00:14:02]} Nb4
{[%clk 00:56:58]} {[%emt 00:10:32]} 14. Be5 {[%clk 00:40:34]} {[%emt 00:04:50]}
a6 {[%clk 00:43:13]} {[%emt 00:14:15]} 15. Qb3 {[%clk 00:36:40]} {[%emt
00:04:24]} Nbd5 {[%clk 00:36:53]} {[%emt 00:06:49]} 16. a4 {[%clk 00:30:50]}
{[%emt 00:06:21]} h6 {[%clk 00:22:11]} {[%emt 00:15:12]} 17. Rfd1 {[%clk
00:29:23]} {[%emt 00:01:57]} a5 {[%clk 00:20:01]} {[%emt 00:02:41]} 18. Nd2
{[%clk 00:22:29]} {[%emt 00:07:24]} Nb4 {[%clk 00:18:00]} {[%emt 00:02:30]} 19.
Nb5 {[%clk 00:19:01]} {[%emt 00:03:59]} Qd7 {[%clk 00:14:33]} {[%emt 00:03:56]}
20. Qg3 {[%clk 00:08:31]} {[%emt 00:10:58]} Bd5 {[%clk 00:10:22]} {[%emt
00:04:42]} 21. Nd6 {[%clk 00:04:26]} {[%emt 00:04:37]} Rxc1 {[%clk 00:06:03]}
{[%emt 00:04:48]} 22. Rxc1 {[%clk 00:04:53]} {[%emt 00:00:03]} Bxd6 {[%clk
00:06:23]} {[%emt 00:00:10]} 23. Bxd6 {[%clk 00:05:13]} {[%emt 00:00:11]} Rc8
{[%clk 00:06:47]} {[%emt 00:00:06]} 24. Rc3 {[%clk 00:04:27]} {[%emt 00:01:16]}
Ne8 {[%clk 00:03:39]} {[%emt 00:03:38]} 25. Bf4 {[%clk 00:02:44]} {[%emt
00:02:14]} Kf8 {[%clk 00:02:57]} {[%emt 00:01:11]} 26. Bb5 {[%clk 00:01:09]}
{[%emt 00:02:05]} Bc6 {[%clk 00:03:07]} {[%emt 00:00:20]} 27. Nc4 {[%clk
00:00:43]} {[%emt 00:00:57]} Qxd4 {[%clk 00:01:10]} {[%emt 00:02:27]} 28. Be5
{[%clk 00:00:54]} {[%emt 00:00:18]} Qd1+ {[%clk 00:01:06]} {[%emt 00:00:35]} 29.
Kh2 {[%clk 00:01:22]} {[%emt 00:00:02]} Bxb5 {[%clk 00:01:28]} {[%emt
00:00:09]} 30. axb5 {[%clk 00:01:43]} {[%emt 00:00:09]} Nd5 {[%clk 00:01:24]}
{[%emt 00:00:34]} 31. Rd3 {[%clk 00:00:54]} {[%emt 00:01:20]} Qa4 {[%clk
00:01:14]} {[%emt 00:00:39]} 32. Nd6 {[%clk 00:00:50]} {[%emt 00:00:34]} Nxd6
{[%clk 00:00:59]} {[%emt 00:00:45]} 33. Bxd6+ {[%clk 00:00:41]} {[%emt
00:00:40]} Kg8 {[%clk 00:01:14]} {[%emt 00:00:14]} 34. Be5 {[%clk 00:01:08]}
{[%emt 00:00:03]} g6 {[%clk 00:00:44]} {[%emt 00:01:00]} 35. Rxd5 {[%clk
00:00:53]} {[%emt 00:00:45]} exd5 {[%clk 00:00:55]} {[%emt 00:00:19]} 36. Qf3
{[%clk 00:01:11]} {[%emt 00:00:11]} Re8 {[%clk 00:00:56]} {[%emt 00:00:29]} 37.
Qxd5 {[%clk 00:01:19]} {[%emt 00:00:23]} Qh4 {[%clk 00:00:41]} {[%emt
00:00:45]} 38. g3 {[%clk 00:00:47]} {[%emt 00:01:02]} Qe7 {[%clk 00:00:44]}
{[%emt 00:00:27]} 39. Bd4 {[%clk 00:00:40]} {[%emt 00:00:37]} Rd8 {[%clk
00:00:50]} {[%emt 00:00:24]} 40. Qe5 {[%clk 00:00:33]} {[%emt 00:00:37]} Qxe5
{[%clk 00:01:13]} {[%emt 00:00:07]} 41. Bxe5 {[%clk 00:01:01]} {[%emt
00:00:02]} Rd5 {[%clk 00:01:35]} {[%emt 00:00:08]}  0-1

[Event "2022 Welsh Championship"]
[Site "Cardiff"]
[Date "2022.04.16"]
[Round "4"]
[Board "8"]
[White "Garcia, Jason"]
[Black "Smith, Lynda"]
[Result "0-1"]
[WhiteElo "2022"]
[BlackElo "1772"]
[PlyCount "0"]
[EventDate "2022.04.15"]
[EventRounds "7"]
[EventCountry "WLS"]

1. Nf3 {[%clk 01:30:58]} f5 {[%clk 01:30:47]} {[%emt 00:00:14]} 2. c4 {[%clk
01:31:20]} {[%emt 00:00:08]} Nf6 {[%clk 01:31:12]} {[%emt 00:00:05]} 3. g3
{[%clk 01:31:40]} {[%emt 00:00:09]} g6 {[%clk 01:31:34]} {[%emt 00:00:09]} 4.
b3 {[%clk 01:31:52]} {[%emt 00:00:18]} Bg7 {[%clk 01:31:36]} {[%emt 00:00:28]}
5. Bb2 {[%clk 01:32:16]} {[%emt 00:00:06]} d6 {[%clk 01:30:54]} {[%emt
00:01:12]} 6. d4 {[%clk 01:32:27]} {[%emt 00:00:16]} c6 {[%clk 01:29:10]}
{[%emt 00:02:18]} 7. Bg2 {[%clk 01:32:49]} {[%emt 00:00:08]} O-O {[%clk
01:29:27]} {[%emt 00:00:13]} 8. O-O {[%clk 01:33:03]} {[%emt 00:00:16]} Ne4
{[%clk 01:26:56]} {[%emt 00:03:02]} 9. Nfd2 {[%clk 01:20:51]} {[%emt 00:12:42]}
Nxd2 {[%clk 01:24:37]} {[%emt 00:02:49]} 10. Qxd2 {[%clk 01:19:47]} {[%emt
00:01:33]} d5 {[%clk 01:15:36]} {[%emt 00:09:31]} 11. Rd1 {[%clk 01:07:42]}
{[%emt 00:12:35]} e6 {[%clk 01:12:53]} {[%emt 00:03:13]} 12. Nc3 {[%clk
01:05:26]} {[%emt 00:02:46]} Nd7 {[%clk 01:09:33]} {[%emt 00:03:50]} 13. e3
{[%clk 00:58:39]} {[%emt 00:07:16]} Nf6 {[%clk 01:07:27]} {[%emt 00:02:36]} 14.
f4 {[%clk 00:54:33]} {[%emt 00:04:36]} h6 {[%clk 01:04:13]} {[%emt 00:03:44]}
15. c5 {[%clk 00:54:05]} {[%emt 00:00:57]} g5 {[%clk 01:02:46]} {[%emt
00:01:57]} 16. b4 {[%clk 00:53:26]} {[%emt 00:01:09]} Qe8 {[%clk 00:59:35]}
{[%emt 00:03:41]} 17. a4 {[%clk 00:51:21]} {[%emt 00:02:35]} Bd7 {[%clk
00:56:37]} {[%emt 00:03:28]} 18. Qe2 {[%clk 00:47:01]} {[%emt 00:04:50]} g4
{[%clk 00:50:31]} {[%emt 00:06:36]} 19. Ba3 {[%clk 00:43:55]} {[%emt 00:03:36]}
h5 {[%clk 00:49:27]} {[%emt 00:01:34]} 20. b5 {[%clk 00:42:40]} {[%emt
00:01:45]} Kf7 {[%clk 00:48:26]} {[%emt 00:01:31]} 21. Rab1 {[%clk 00:37:26]}
{[%emt 00:05:44]} Ne4 {[%clk 00:45:16]} {[%emt 00:03:40]} 22. Bxe4 {[%clk
00:28:38]} {[%emt 00:09:18]} dxe4 {[%clk 00:39:31]} {[%emt 00:06:15]} 23. bxc6
{[%clk 00:28:37]} {[%emt 00:00:31]} Bxc6 {[%clk 00:38:56]} {[%emt 00:01:04]} 24.
Nb5 {[%clk 00:28:47]} {[%emt 00:00:20]} Kg6 {[%clk 00:37:37]} {[%emt 00:01:50]}
25. Nc7 {[%clk 00:28:54]} {[%emt 00:00:22]} Qd7 {[%clk 00:37:39]} {[%emt
00:00:29]} 26. Nxa8 {[%clk 00:27:12]} {[%emt 00:02:12]} Rxa8 {[%clk 00:36:31]}
{[%emt 00:01:38]} 27. a5 {[%clk 00:27:03]} {[%emt 00:00:39]} a6 {[%clk
00:35:38]} {[%emt 00:01:23]} 28. Rb2 {[%clk 00:20:01]} {[%emt 00:07:32]} Bf6
{[%clk 00:33:49]} {[%emt 00:02:19]} 29. Bb4 {[%clk 00:18:44]} {[%emt 00:01:47]}
Qd5 {[%clk 00:30:01]} {[%emt 00:04:17]} 30. Be1 {[%clk 00:18:32]} {[%emt
00:00:41]} Rh8 {[%clk 00:28:24]} {[%emt 00:02:09]} 31. Rdb1 {[%clk 00:08:18]}
{[%emt 00:10:45]} Rh7 {[%clk 00:24:42]} {[%emt 00:04:11]} 32. Qd2 {[%clk
00:04:42]} {[%emt 00:04:06]} Bd8 {[%clk 00:21:35]} {[%emt 00:03:37]} 33. Qg2
{[%clk 00:04:10]} {[%emt 00:01:02]} Bf6 {[%clk 00:20:07]} {[%emt 00:01:58]} 34.
Rb4 {[%clk 00:02:49]} {[%emt 00:01:52]} Bd8 {[%clk 00:19:58]} {[%emt 00:00:39]}
35. R4b2 {[%clk 00:03:13]} {[%emt 00:00:05]} Bf6 {[%clk 00:19:34]} {[%emt
00:00:54]} 36. Bc3 {[%clk 00:03:29]} {[%emt 00:00:14]} Bd8 {[%clk 00:17:47]}
{[%emt 00:02:17]} 37. h3 {[%clk 00:01:39]} {[%emt 00:02:19]} Bf6 {[%clk
00:14:14]} {[%emt 00:04:03]} 38. hxg4 {[%clk 00:00:46]} {[%emt 00:01:23]} hxg4
{[%clk 00:14:20]} {[%emt 00:00:23]} 39. Qf1 {[%clk 00:01:04]} {[%emt 00:00:12]}
Rh3 {[%clk 00:13:05]} {[%emt 00:01:44]} 40. Rg2 {[%clk 00:01:27]} {[%emt
00:00:06]} Qd8 {[%clk 00:11:13]} {[%emt 00:02:23]} 41. Rb6 {[%clk 00:00:46]}
{[%emt 00:01:11]} Qh8 {[%clk 00:08:22]} {[%emt 00:03:21]} 42. Kf2 {[%clk
00:29:34]} {[%emt 00:01:42]} Bh4 {[%clk 00:37:32]} {[%emt 00:01:20]} 43. Qc4
{[%clk 00:07:05]} {[%emt 00:22:59]} Bxg3+ {[%clk 00:31:22]} {[%emt 00:06:40]}
44. Ke2 {[%clk 00:07:33]} {[%emt 00:00:02]} Qg8 {[%clk 00:25:59]} {[%emt
00:05:52]} 45. d5 {[%clk 00:06:39]} {[%emt 00:01:25]} exd5 {[%clk 00:25:33]}
{[%emt 00:00:56]} 46. Qd4 {[%clk 00:05:38]} {[%emt 00:01:31]} Qf7 {[%clk
00:23:46]} {[%emt 00:02:17]} 47. Qe5 {[%clk 00:05:43]} {[%emt 00:00:25]} Bh4
{[%clk 00:22:10]} {[%emt 00:02:06]} 48. Qd6+ {[%clk 00:03:22]} {[%emt
00:02:50]} Bf6 {[%clk 00:21:44]} {[%emt 00:00:55]} 49. Rxc6 {[%clk 00:03:20]}
{[%emt 00:00:34]} bxc6 {[%clk 00:21:49]} {[%emt 00:00:25]} 50. Qxc6 {[%clk
00:03:45]} {[%emt 00:00:05]} d4 {[%clk 00:16:57]} {[%emt 00:05:22]} 51. Qxa6
{[%clk 00:01:52]} {[%emt 00:02:23]} Qa2+ {[%clk 00:13:05]} {[%emt 00:04:22]} 52.
Bd2 {[%clk 00:01:27]} {[%emt 00:00:55]} d3+ {[%clk 00:08:31]} {[%emt 00:05:04]}
53. Kf1 {[%clk 00:01:42]} {[%emt 00:00:15]} Rh1+ {[%clk 00:08:45]} {[%emt
00:00:16]} 54. Rg1 {[%clk 00:02:10]} {[%emt 00:00:01]} Qb1+ {[%clk 00:08:56]}
{[%emt 00:00:19]} 55. Be1 {[%clk 00:02:39]} Rxg1+ {[%clk 00:08:46]} {[%emt
00:00:42]} 56. Kxg1 {[%clk 00:03:00]} {[%emt 00:00:09]} Qxe1+ {[%emt 00:01:34]}
 0-1